Arrêts du TER Paris-Beauvais - Statistiques

Statistiques générales
  • Ce quiz a été pris 59 fois
  • Le résultat moyen est 6 sur 9
Statistiques - réponses
Réponse % Correct
Paris Gare du Nord
87%
Beauvais
85%
Persan-Beaumont
72%
Chambly
70%
Méru
68%
Bornel-Belle-Église
62%
Esches
55%
Saint-Sulpice-Auteuil
55%
Laboissière-le-Déluge
51%
Aucun quiz correspondant
Distribution des résultats
% des personnes avec chaque résultat
Percentile par nombre de réponses
Votre historique - résultats
Vous n’avez pas pris ce quiz